LEADER 03688nam a2200385 a 4500 001 000000126430 003 CaOOAMICUS 005 20111007110657.0 008 111004s1585 it u001 u lat r 026 $aamo- tuo-$b.2.1 98om (C)$c1585 (R) 040 $aPUL$bita 100 1 $aHunnaeus, Augustinus.$0(OLS)http://pul/name/72638 245 10$aAugustini Hunnaei De Sacramentis Ecclesiae Christi axiomata: quibus b. Thomae aquinatis doctrina de iisdem sacramentis in tertia Summae Theologicae parte ... Adiunctis schematibus, quae methodum, quam b. Thomas ibidem in sacramentorum materia explicanda sequitur, breuiter ac dilucide ob oculos ponunt. Opus post diligentem recognitionem, atque castigationem, nunc in lucem prodiens .. 246 30$aDe Sacramentis Ecclesiae Christi axiomata 260 $aVenetiis :$bex officina Gasparis Bindoni,$c1585. 300 $a[40] p.;$c4° (22 cm). 500 $aTesto su colonne. 500 $aSegnatura: a-b10. 500 $aInclude indici. 500 $aIniziali e fregi xil. 500 $aMarca tipografica sul front.: Una mano sorregge un candeliere insieme a due rami, uno di alloro e uno di olivo. Sopra il candeliere occhio umano. (V285 - Z901) 500 $aAlle p.17-38 altra opera 662 $aItalia$dVenezia.$0(OLS)http://pul/subject/34951 710 0 $aBindoni, Gaspare,$d1561-1589$4pbl.$0(OLS)http://pul/name/70616 740 02$aBrevissimus catechismus catholicus ... d. August. Hunnaeo Authore. 777 0 $aThomas Aquinas, s., c. 1225-1274.$tS. Thomae Aquinatis Summa totius theologiae: in qua quicquid in Bibliis continetur obscuri, quicquid in veterum patrum momumentis est doctrinae notabilis, quicquid demum vel olim vocatum est, vel hodie vocatur ab haereticis in controversiam, id ferè totum eruditè, piè, fideliter, atque dilucidè per quaestiones, et responsiones explicatur: in tres partes ab authore suo distributa. ... quinque etiam additi sunt indices locupletissimi ... Accessit etiam Antonij Senensis Lusitani ... locorum citatorum notatio. Adiuncta denique Augustini Hunnaei De sacramentis ecclesiae axiomata, quibus tum ecclesiae, tum d. Thomae doctrina est comprehensa; nec non Catechismus eiusdem Augustini Hunnaei ..$dVenetiis : ex officina Gasparis Bindoni, 1585-1586.$w()126424 850 $aPUL 852 $aPUL$W1$xDP1 Antico 500$y12$m483 B 13.1 int.2$j146251$qStampati Antico$B144928$CPULBib$Z2$F144928 $82 941 1 $a15 961 $aAutore e titolo dell'opera abbreviati sul dorso.Nota ms. sulla coperta.Precedenti collocazioni: 483-B-12 sul dorso; 97. E. 20 sulla controguardia; C-V-38 sul recto della c. di guardia.Nota ms. di possesso sul front. della prima opera: "Est [?] Ioannjs Baptista [?]".Tracce di laccia sulla coperta dei piatti.All'interno trovato foglietto volante manoscritto: "S.tomae Aquinatis Summa theologia £ 15 V Boyer 11/1/909".Legato con: "Thomae Aquinatis Summa totius theologiae ..." (an 126424). 996 $6246$aDe Sacramentis Ecclesiae Christi axiomata$9(OLS)http://pul/title/159686 996 $6740$aBrevissimus catechismus catholicus ... d. August. Hunnaeo Authore.$9(OLS)http://pul/title/159719 996 $6245$aAugustini Hunnaei De Sacramentis Ecclesiae Christi axiomata: quibus b. Thomae aquinatis doctrina de iisdem sacramentis in tertia Summae Theologicae parte ... Adiunctis schematibus, quae methodum, quam b. Thomas ibidem in sacramentorum materia explicanda sequitur, breuiter ac dilucide ob oculos ponunt. Opus post diligentem recognitionem, atque castigationem, nunc in lucem prodiens ..$9(OLS)http://pul/title/159685 996 $6260$aVenetiis :$bex officina Gasparis Bindoni$9(OLS)http://pul/publisher/80603 LEADER 01473nam a2200361 a 4500 001 000000058226 003 CaOOAMICUS 005 20130510102709.0 008 010529s1979 it u000 u ita r 035 $a10890749 040 $aPUL$bita 041 1 $aita$hfre 100 1 $aMarrou, Henri-Irénée,$d1904-1977.$0(OLS)http://pul/name/4176 240 10$aThéologie de l'histoire.$lItaliano.$0(OLS)http://pul/title/9030 245 10$aTeologia della storia /$cHenri-Irénée Marrou. 250 $a2. ed. 260 $aMilano :$bJaca Book,$c1979. 300 $a161 p. ;$c23 cm 490 1 $aGià e non ancora ;$v46 504 $aBibliografia in nota. 650 4$aTeologia e storia.$0(OLS)http://pul/subject/17415 830 0$aGià e non ancora ;$v46.$0(OLS)http://pul/title/129 850 $aPUL 852 $aPUL$W1$xSL Religione 1$y3$m58 D 25$j76083$nBK-PRI$b $qStampati$B76083$CPULBib$Z2$F76083 $H $81 852 $aPUL$W1$xDP1 Fondo E. Rossi$y115$m1 M 27$j153912$qFondi$B153486$CPULBib$Z2$F153486 $82 852 $aPUL$W1$xDP1 Fondo Bordoni$y120$m3 F 77$j166965$qFondi$B175799$CPULBib$Z2$F175799 $HBor773 $81 941 1 $a1 941 1 $a8 961 $aINV: 49632 961 $aSul dorso collocazione ms. di E. Rossi: M 24 996 $6245$aTeologia della storia$9(OLS)http://pul/title/77984 996 $6260$aMilano :$bJaca Book$9(OLS)http://pul/publisher/47900